00640cam a2200229 a 450000100100000000500170001000800410002702000150006804000300008308200190011310000280013224500550016026000330021530000210024849000120026965000200028165000240030165000220032565000180034765000330036583000120039800000841220200929161335.0850815s1975 sp 000 f spa d a8432021180 aDO-SdBNPbspacDLCdBNPHU aM863.44bR935p1 aRulfo, Juan,d1917-198610aPedro Páramo y el llano en llamas /cJuan Rulfo. aBarcelona :bPlaneta,c1975. a254 p. ;c18 cm.1 aPopular 4aNovela mexicana 4aLiteratura mexicana 4aViolenciaxNovela 4aDolorxNovela 4aCampesinoszMéxicoxNovela 0aPopular